Dickens on education.

Bibliographic Details
Main Author: Manning, John, 1912-
Format: Book
Language:English
Published: [Toronto] : University of Toronto Press, [1959]
Subjects:

MARC

Tag First Indicator Second Indicator Subfields
LEADER 00000cam a2200000 4500
001 in00000073352
005 20151008052528.0
008 711201s1959 onc b 00000 eng u
010 |a  59004245  
035 |a (OCoLC)00177384 
035 |9 AAH3749AM 
040 |c WSU  |d TXA  |d UtOrBLW 
049 |a TXAM  |c [452158] 
050 0 |a LB675.D435  |b M3 
092 |a 370.1  |b M283d, 1959 
100 1 |a Manning, John,  |d 1912- 
245 1 0 |a Dickens on education. 
264 1 |a [Toronto] :  |b University of Toronto Press,  |c [1959] 
300 |a x, 251 pages ;  |c 24 cm. 
336 |a text  |b txt  |2 rdacontent 
337 |a unmediated  |b n  |2 rdamedia 
338 |a volume  |b nc  |2 rdacarrier 
504 |a Bibliography: pages [222]-232. 
600 1 0 |a Dickens, Charles,  |d 1812-1870. 
650 0 |a Education  |x Philosophy. 
999 |a MARS 
999 f f |s 175e287b-176f-3200-a51b-9494030fad5f  |i 1dcacffb-e8eb-3d6b-8adb-974d8e2a4d38  |t 0 
952 f f |p normal  |a Texas A&M University  |b College Station  |c Sterling C. Evans Library  |d Evans: Library Stacks  |t 0  |e LB675.D435 M3  |h Library of Congress classification  |i unmediated -- volume  |m A14800819032 
998 f f |a LB675.D435 M3  |t 0  |l Evans: Library Stacks